[Event "RUS-chT 28th"]
[Site "Sochi"]
[Date "2021.05.08"]
[Round "7.1"]
[White "Fedoseev, Vladimir1111"]
[Black "Makhmutov, Rail"]
[Result "1-0"]
[WhiteElo "2687"]
[BlackElo "2450"]
[PlyCount "83"]
[EventDate "2021.05.01"]
[EventType "tourn"]
[EventRounds "9"]
[EventCountry "RUS"]
[SourceTitle "CBM 202"]
[Source "ChessBase"]
[SourceDate "2021.06.30"]
[SourceVersion "1"]
[SourceVersionDate "2021.06.30"]
[SourceQuality "1"]
[WhiteTeam "St Petersburg Bronze Horseman"]
[BlackTeam "Tatarstan Ladya"]
[WhiteTeamCountry "RUS"]
[BlackTeamCountry "RUS"]

1. Nf3 d5 2. g3 Bg4 3. Bg2 Nd7 4. h3 Bh5 5. d4 e6 6. 0-0 Ngf6 7. c4 c6 8. Qb3 Qb6 9. Nc3 Be7 10. Bf4 0-0 11. Rfc1 h6 12. c5 Qxb3 13. axb3 g5 14. Be3 Bg6 15. b4 a6 16. Nd2 Kh7 17. f3 Rfe8 18. Bf2 e5 19. e4 exd4 20. Bxd4 dxe4 21. fxe4 Nh5 22. Kh2 a5 23. Rxa5 Rxa5 24. bxa5 Nxc5 25. Rd1 Ng7 26. Nc4 Nge6 27. Be3 Rd8 28. Rxd8 Nxd8 29. b4 Na6 30. b5 cxb5 31. Nxb5 Bc5 32. Bd2 f6 33. Nbd6 Kg7 34. Bc3 Bb4 35. Bb2 Nc6 36. Nxb7 Nc5 37. Nxc5 Bxc5 38. e5 Nxe5 39. Nxe5 fxe5 40. Bxe5+ Kf7 41. Bb8 Bd3 42. Bb7 1-0

[Event "RUS-chT 27th"]
[Site "Sochi"]
[Date "2020.11.23"]
[Round "5.5"]
[White "Makhmutov, Rail"]
[Black "Sarana, Alexey"]
[Result "1/2-1/2"]
[WhiteElo "2442"]
[BlackElo "2636"]
[PlyCount "106"]
[EventDate "2020.11.19"]
[EventType "team-tourn"]
[EventRounds "9"]
[EventCountry "RUS"]
[SourceTitle "CBM 199"]
[Source "ChessBase"]
[SourceDate "2020.12.31"]
[SourceVersion "1"]
[SourceVersionDate "2020.12.31"]
[SourceQuality "1"]
[WhiteTeam "Tatarstan Ladya"]
[BlackTeam "Moscow FShM"]
[WhiteTeamCountry "RUS"]
[BlackTeamCountry "RUS"]

1. d4 Nf6 2. c4 e6 3. Nc3 Bb4 4. e3 c5 5. Nge2 cxd4 6. exd4 0-0 7. a3 Be7 8. Nf4 d5 9. cxd5 Nxd5 10. Ncxd5 exd5 11. Be2 Nc6 12. 0-0 Bf6 13. Be3 Qd6 14. Qd2 Bf5 15. Rac1 Be4 16. Rc5 b6 17. Rc3 Rad8 18. Rfc1 Na5 19. f3 Bg6 20. b4 Nc4 21. Bxc4 dxc4 22. Rxc4 Rfe8 23. a4 Bg5 24. g3 Bxf4 25. Bxf4 Qd5 26. Kf2 Bf5 27. b5 Bc8 28. Rc7 Bb7 29. R1c3 h6 30. h4 Re6 31. Re3 Rde8 32. Rcc3 Rxe3 33. Rxe3 Rd8 34. Qb4 Rc8 35. Qd2 Qc4 36. Qd1 Bd5 37. g4 Be6 38. Kg3 Rd8 39. Rd3 Bd5 40. Re3 Qb4 41. h5 Rc8 42. Re5 Qc4 43. Qd2 Qb3 44. Qf2 Kh7 45. Bd2 Rd8 46. Qe2 Qb1 47. Qe1 Qc2 48. a5 Qd3 49. Qe2 Qxd4 50. Qe3 Qxe3 51. Bxe3 bxa5 52. Bxa7 a4 53. Bc5 Rd7 1/2-1/2

[Event "RUS-chT 27th"]
[Site "Sochi"]
[Date "2020.11.21"]
[Round "3.4"]
[White "Makhmutov, Rail"]
[Black "Zvjaginsev, Vadim"]
[Result "0-1"]
[WhiteElo "2442"]
[BlackElo "2602"]
[PlyCount "90"]
[EventDate "2020.11.19"]
[EventType "team-tourn"]
[EventRounds "9"]
[EventCountry "RUS"]
[SourceTitle "CBM 199"]
[Source "ChessBase"]
[SourceDate "2020.12.31"]
[SourceVersion "1"]
[SourceVersionDate "2020.12.31"]
[SourceQuality "1"]
[WhiteTeam "Tatarstan Ladya"]
[BlackTeam "Moscow KPRF"]
[WhiteTeamCountry "RUS"]
[BlackTeamCountry "RUS"]

1. d4 e6 2. c4 Nf6 3. Nf3 a6 4. e3 c5 5. Bd3 d5 6. b3 cxd4 7. exd4 Nc6 8. Bb2 g6 9. 0-0 Bg7 10. Nbd2 0-0 11. Re1 b6 12. Qe2 Bb7 13. Rad1 dxc4 14. bxc4 b5 15. c5 Nb4 16. Bb1 Bd5 17. a3 Nc6 18. Nf1 Bb3 19. Rd2 Na5 20. Ne5 Nd5 21. Ne3 Bxe5 22. Nxd5 Bxh2+ 23. Kxh2 Bxd5 24. Rdd1 Nc6 25. Rh1 b4 26. Kg1 bxa3 27. Bxa3 Rb8 28. Qe3 f5 29. Bc2 Rf7 30. Bc1 Rb4 31. Qc3 Qf6 32. Bb2 Rfb7 33. Ba1 Qg5 34. f3 Rc4 35. Qd2 Qxd2 36. Rxd2 Na5 37. Kh2 Nc6 38. Bd3 Ra4 39. Be2 a5 40. Re1 Ra3 41. Kg3 a4 42. Kf4 h6 43. g4 g5+ 44. Kg3 f4+ 45. Kf2 Rbb3 0-1

[Event "RUS-chT 27th"]
[Site "Sochi"]
[Date "2020.11.19"]
[Round "1.3"]
[White "Makhmutov, Rail"]
[Black "Murzin, Volodar"]
[Result "1/2-1/2"]
[WhiteElo "2442"]
[BlackElo "2470"]
[PlyCount "85"]
[EventDate "2020.11.19"]
[EventType "team-tourn"]
[EventRounds "9"]
[EventCountry "RUS"]
[SourceTitle "CBM 199"]
[Source "ChessBase"]
[SourceDate "2020.12.31"]
[SourceVersion "1"]
[SourceVersionDate "2020.12.31"]
[SourceQuality "1"]
[WhiteTeam "Tatarstan Ladya"]
[BlackTeam "Achimgaz QNAO"]
[WhiteTeamCountry "RUS"]
[BlackTeamCountry "RUS"]

1. d4 Nf6 2. c4 g6 3. Nc3 Bg7 4. e4 d6 5. Nf3 0-0 6. Be2 e5 7. Be3 Ng4 8. Bg5 f6 9. Bc1 Nc6 10. 0-0 exd4 11. Nxd4 Nxd4 12. Qxd4 f5 13. Qd5+ Kh8 14. exf5 Bxf5 15. Bxg4 Bxg4 16. Be3 Bd7 17. Bd4 Bc6 18. Bxg7+ Kxg7 19. Qd2 Qf6 20. Nd5 Bxd5 21. cxd5 Rae8 22. Rae1 Qf7 23. h4 h5 24. b4 Kh7 25. b5 Re7 26. Rxe7 Qxe7 27. Qd4 b6 28. Rc1 Rf7 29. Kf1 Qe8 30. a4 Re7 31. Qd2 Qf7 32. Rc3 Qf5 33. Qc1 Qxd5 34. Rxc7 Qe4 35. Rc4 Qe5 36. g3 d5 37. Rf4 d4 38. Qc4 Rd7 39. Rf7+ Rxf7 40. Qxf7+ Kh6 41. Qf8+ Kh7 42. Qf7+ Kh6 43. Qf8+ 1/2-1/2

[Event "Cheliabinsk Panchenko Memorial op-A"]
[Site "Cheliabinsk"]
[Date "2020.09.14"]
[Round "8"]
[White "Makhmutov, Rail"]
[Black "Frolyanov, Dmitry"]
[Result "1-0"]
[WhiteElo "2416"]
[BlackElo "2546"]
[PlyCount "85"]
[EventDate "2020.09.07"]
[EventType "swiss"]
[EventRounds "9"]
[EventCountry "RUS"]
[SourceTitle "CBM 198 Extra"]
[Source "ChessBase"]
[SourceDate "2020.11.30"]
[SourceVersion "1"]
[SourceVersionDate "2020.11.30"]
[SourceQuality "1"]

1. d4 d5 2. c4 e6 3. Nf3 Nf6 4. e3 b6 5. cxd5 exd5 6. Bb5+ c6 7. Bd3 Bd6 8. 0-0 0-0 9. b3 Nbd7 10. Ba3 Bxa3 11. Nxa3 Qe7 12. Nb1 Bb7 13. Nc3 Rfe8 14. Rc1 Ne4 15. Qc2 a6 16. Rfd1 f5 17. Qb2 Qd6 18. g3 Re6 19. b4 Rae8 20. Na4 Rh6 21. Ne5 Rxe5 22. dxe5 Nxe5 23. Be2 Nxf2 24. Nxb6 Nh3+ 25. Kg2 Ng5 26. Nc4 Nxc4 27. Rxc4 Qe6 28. Rf4 Qxe3 29. h4 Nf7 30. Rxf5 Bc8 31. Rf3 Qe6 32. Rdf1 Rg6 33. Kg1 Qd6 34. Kh2 Qe6 35. Kg1 Qd6 36. Qa3 h5 37. Qe3 Be6 38. Bd3 Rg4 39. Rf4 d4 40. Qf2 Rxf4 41. Qxf4 Bxa2 42. Qxd6 Nxd6 43. Bxa6 1-0

[Event "Cheliabinsk Panchenko Memorial op-A"]
[Site "Cheliabinsk"]
[Date "2020.09.13"]
[Round "7"]
[White "Zakhartsov, Vladimir"]
[Black "Makhmutov, Rail"]
[Result "1/2-1/2"]
[WhiteElo "2486"]
[BlackElo "2416"]
[PlyCount "61"]
[EventDate "2020.09.07"]
[EventType "swiss"]
[EventRounds "9"]
[EventCountry "RUS"]
[SourceTitle "CBM 198 Extra"]
[Source "ChessBase"]
[SourceDate "2020.11.30"]
[SourceVersion "1"]
[SourceVersionDate "2020.11.30"]
[SourceQuality "1"]

1. d4 Nf6 2. c4 e6 3. Nf3 d5 4. g3 Bb4+ 5. Bd2 Be7 6. Bg2 0-0 7. 0-0 c6 8. Qc2 Nbd7 9. Bf4 b6 10. Nbd2 Ba6 11. b3 Nh5 12. e4 Nxf4 13. gxf4 dxe4 14. Nxe4 Rc8 15. Rfd1 Qc7 16. Ne5 Nxe5 17. fxe5 c5 18. Qc3 f5 19. Nd6 Bxd6 20. exd6 Qxd6 21. dxc5 Qxc5 22. Rd7 Rf7 23. Rad1 Rc7 24. Rd8+ Rf8 25. R1d6 Bc8 26. Rxf8+ Kxf8 27. Rd8+ Kf7 28. Bf3 f4 29. h4 Bb7 30. Bxb7 Rxb7 31. Qf3 1/2-1/2

[Event "Cheliabinsk Panchenko Memorial op-A"]
[Site "Cheliabinsk"]
[Date "2020.09.09"]
[Round "3"]
[White "Lysyj, Igor"]
[Black "Makhmutov, Rail"]
[Result "1/2-1/2"]
[WhiteElo "2594"]
[BlackElo "2416"]
[PlyCount "59"]
[EventDate "2020.09.07"]
[EventType "swiss"]
[EventRounds "9"]
[EventCountry "RUS"]
[SourceTitle "CBM 198 Extra"]
[Source "ChessBase"]
[SourceDate "2020.11.30"]
[SourceVersion "1"]
[SourceVersionDate "2020.11.30"]
[SourceQuality "1"]

1. d4 Nf6 2. c4 e6 3. Nf3 d5 4. g3 Bb4+ 5. Bd2 Be7 6. Bg2 0-0 7. 0-0 Nbd7 8. b4 Ne4 9. Be1 c6 10. a4 b6 11. Nfd2 Nd6 12. Na3 Bb7 13. Qb3 a5 14. bxa5 Rxa5 15. cxd5 cxd5 16. Ndb1 Ra6 17. Nc3 Nb8 18. Ncb5 Nc6 19. e3 Qd7 20. Nxd6 Bxd6 21. Nb5 Be7 22. Bd2 Na5 23. Bxa5 bxa5 24. Rfc1 Rc8 25. Bf1 Rxc1 26. Rxc1 Rc6 27. Rxc6 Qxc6 28. Qb1 Bb4 29. Bd3 g6 30. h4 1/2-1/2

[Event "Moscow op-A 16th"]
[Site "Moscow"]
[Date "2020.01.30"]
[Round "6"]
[White "Makhmutov, Rail"]
[Black "Sattarov, Bobir"]
[Result "1-0"]
[WhiteElo "2403"]
[BlackElo "2462"]
[PlyCount "67"]
[EventDate "2020.01.25"]
[EventType "swiss"]
[EventRounds "9"]
[EventCountry "RUS"]
[SourceTitle "CBM 194 Extra"]
[Source "ChessBase"]
[SourceDate "2020.03.31"]
[SourceVersion "1"]
[SourceVersionDate "2020.03.31"]
[SourceQuality "1"]

1. d4 Nf6 2. c4 c5 3. d5 g6 4. Nc3 Bg7 5. Nf3 0-0 6. g3 d6 7. Bg2 e6 8. 0-0 exd5 9. cxd5 a6 10. a4 Re8 11. Bf4 Ne4 12. Nxe4 Rxe4 13. Nd2 Rb4 14. a5 g5 15. Be3 Bf5 16. Ra4 Rxb2 17. Nc4 Bc2 18. Qd2 Bxa4 19. Nxb2 Bb5 20. Bxg5 Qe8 21. Bh6 Bd4 22. Re1 Nd7 23. Nd1 Qe5 24. e3 Re8 25. Bf4 Qe7 26. Nc3 Bg7 27. Rb1 Ne5 28. Nxb5 axb5 29. Rxb5 Rc8 30. Bxe5 Bxe5 31. Bf3 c4 32. Qe2 Qe8 33. Rb4 c3 34. Qd3 1-0

[Event "St Petersburg Korchnoi Memorial op"]
[Site "St Petersburg"]
[Date "2019.08.17"]
[Round "4"]
[White "Stupak, Kirill"]
[Black "Makhmutov, Rail"]
[Result "1-0"]
[WhiteElo "2561"]
[BlackElo "2408"]
[PlyCount "41"]
[EventDate "2019.08.14"]
[EventType "swiss"]
[EventRounds "9"]
[EventCountry "RUS"]
[SourceTitle "CBM 192"]
[Source "ChessBase"]
[SourceDate "2019.10.31"]
[SourceVersion "1"]
[SourceVersionDate "2019.10.31"]
[SourceQuality "1"]

1. d4 Nf6 2. c4 g6 3. Nc3 d5 4. cxd5 Nxd5 5. e4 Nxc3 6. bxc3 Bg7 7. Qa4+ Nd7 8. Nf3 c5 9. Be2 0-0 10. 0-0 cxd4 11. cxd4 Nc5 12. dxc5 Bxa1 13. e5 Bc3 14. Bh6 Qa5 15. Qh4 Qxc5 16. Bxf8 Kxf8 17. Qh6+ Ke8 18. Rd1 e6 19. Qxh7 Ba5 20. Qh8+ Ke7 21. Ng5 1-0

[Event "St Petersburg Korchnoi Memorial op"]
[Site "St Petersburg"]
[Date "2019.08.15"]
[Round "2"]
[White "Kartsev, Nikolaj"]
[Black "Makhmutov, Rail"]
[Result "0-1"]
[WhiteElo "2140"]
[BlackElo "2408"]
[PlyCount "96"]
[EventDate "2019.08.14"]
[EventType "swiss"]
[EventRounds "9"]
[EventCountry "RUS"]
[SourceTitle "CBM 192"]
[Source "ChessBase"]
[SourceDate "2019.10.31"]
[SourceVersion "1"]
[SourceVersionDate "2019.10.31"]
[SourceQuality "1"]

1. e4 c5 2. c3 Nf6 3. e5 Nd5 4. d4 cxd4 5. Nf3 e6 6. cxd4 d6 7. Nc3 Nxc3 8. bxc3 Qc7 9. Bd2 Nd7 10. exd6 Bxd6 11. Bd3 b6 12. Qe2 Bb7 13. 0-0 0-0 14. Be4 Bxe4 15. Qxe4 Rfe8 16. Rfe1 Rac8 17. a4 Qc4 18. a5 Nf6 19. Ne5 Bxe5 20. Qxe5 Qd3 21. Qe3 Qxe3 22. Rxe3 b5 23. a6 Nd5 24. Ree1 Nxc3 25. Bxc3 Rxc3 26. Rab1 Ra3 27. Rxb5 Rxa6 28. d5 Kf8 29. dxe6 Raxe6 30. Rxe6 Rxe6 31. Kf1 Re8 32. Ra5 Re7 33. f4 Ke8 34. Kf2 Kd8 35. Kf3 Kc8 36. f5 f6 37. g4 Kb7 38. h4 h6 39. Rd5 Kc6 40. Ra5 Kb6 41. Rd5 a5 42. Kf4 a4 43. g5 hxg5+ 44. hxg5 a3 45. gxf6 gxf6 46. Rd6+ Kb5 47. Rd5+ Kb4 48. Rd1 a2 0-1

[Event "RUS-chT 26th"]
[Site "Sochi"]
[Date "2019.05.02"]
[Round "2.5"]
[White "Romanov, Evgeny"]
[Black "Makhmutov, Rail"]
[Result "1/2-1/2"]
[WhiteElo "2573"]
[BlackElo "2390"]
[PlyCount "99"]
[EventDate "2019.05.01"]
[EventType "team-tourn"]
[EventRounds "9"]
[EventCountry "RUS"]
[SourceTitle "CBM 190 Extra"]
[Source "ChessBase"]
[SourceDate "2019.07.15"]
[SourceVersion "1"]
[SourceVersionDate "2019.07.15"]
[SourceQuality "1"]
[WhiteTeam "St Petersburg Strazhi"]
[BlackTeam "Tatarstan Ladya"]
[WhiteTeamCountry "RUS"]
[BlackTeamCountry "RUS"]

1. Nf3 d5 2. b3 Bg4 3. e3 Nd7 4. h3 Bh5 5. Bb2 e6 6. d3 h6 7. Nbd2 Ngf6 8. g4 Bg6 9. Rg1 Bd6 10. h4 Qe7 11. g5 hxg5 12. hxg5 Nh5 13. Nh4 e5 14. Qg4 0-0-0 15. 0-0-0 Kb8 16. Kb1 Nf4 17. Re1 Ne6 18. Nxg6 fxg6 19. Bg2 c6 20. f4 Nc7 21. Nf3 Rhf8 22. d4 e4 23. Nh4 Qf7 24. Ref1 Nb6 25. Bh3 Nc8 26. f5 gxf5 27. Nxf5 Qd7 28. a4 g6 29. Nxd6 Qxd6 30. Ka2 Rxf1 31. Rxf1 Qh2 32. Bg2 Qh7 33. Ba3 Ne7 34. Rf6 Nf5 35. Qf4 Kc8 36. Bf1 Ne8 37. Rf8 Nc7 38. Rf6 Ne8 39. Rf8 Nc7 40. Rxd8+ Kxd8 41. Bc5 Qh4 42. Qe5 Qf2 43. Qf6+ Kc8 44. Qf8+ Kd7 45. Qf7+ Kc8 46. Kb2 Qh2 47. Qf8+ Kd7 48. Qf7+ Kc8 49. Qf8+ Kd7 50. Qf7+ 1/2-1/2

[Event "RUS-ch Eurasia Cup op"]
[Site "Ekaterinburg"]
[Date "2018.08.08"]
[Round "7"]
[White "Makhmutov, Rail"]
[Black "Fomin, Pavel V"]
[Result "1-0"]
[WhiteElo "2416"]
[BlackElo "2056"]
[PlyCount "106"]
[EventDate "2018.08.01"]
[EventType "swiss"]
[EventRounds "9"]
[EventCountry "RUS"]
[SourceTitle "CBM 185 Extra"]
[Source "ChessBase"]
[SourceDate "2018.07.29"]
[SourceVersion "1"]
[SourceVersionDate "2018.07.29"]
[SourceQuality "1"]

1. Nf3 Nf6 2. g3 d5 3. c4 e6 4. Bg2 Be7 5. 0-0 0-0 6. b3 b6 7. Bb2 Bb7 8. e3 c5 9. Nc3 Nc6 10. cxd5 exd5 11. d4 Rc8 12. Rc1 cxd4 13. Nxd4 Ne5 14. Qe2 Bc5 15. Rfd1 Qd7 16. Nf3 Ng6 17. Nb5 a6 18. Bxf6 gxf6 19. Nbd4 Rfe8 20. Qf1 Qe7 21. Bh3 Ne5 22. Bf5 Qf8 23. Qh3 Qg7 24. b4 Bxd4 25. Nxd4 Rc4 26. a3 h6 27. Kf1 b5 28. Bd3 Qg4 29. Be2 Qe4 30. Qg2 Qxg2+ 31. Kxg2 Rxc1 32. Rxc1 Rc8 33. Ra1 Nc4 34. a4 bxa4 35. Rxa4 Rc7 36. h3 Kf8 37. Kh2 Bc8 38. Bg4 Bb7 39. Ra2 Nd6 40. Be2 Nc4 41. g4 Bc8 42. Bd3 Ke7 43. Kg3 Rb7 44. Bf5 Nd6 45. Bxc8 Nxc8 46. Nf5+ Ke6 47. Rxa6+ Ke5 48. f4+ Ke4 49. Rxf6 Rxb4 50. Rxf7 Nb6 51. Re7+ Kd3 52. Re5 Rb5 53. e4 Kc4 1-0

[Event "RUS-chT 24th"]
[Site "Sochi"]
[Date "2017.05.10"]
[Round "7.6"]
[White "Makhmutov, Rail"]
[Black "Vavulin, Maksim"]
[Result "0-1"]
[WhiteElo "2437"]
[BlackElo "2599"]
[PlyCount "100"]
[EventDate "2017.05.01"]
[EventType "team-swiss"]
[EventRounds "7"]
[EventCountry "RUS"]
[SourceTitle "CBM 178"]
[Source "ChessBase"]
[SourceDate "2017.05.14"]
[SourceVersion "1"]
[SourceVersionDate "2017.05.14"]
[SourceQuality "1"]
[WhiteTeam "Tatarstan Ladya"]
[BlackTeam "Moscow Legacy Square"]
[WhiteTeamCountry "RUS"]
[BlackTeamCountry "RUS"]

1. c4 g6 2. g3 Bg7 3. Bg2 e5 4. Nc3 f5 5. d3 Nf6 6. e4 0-0 7. Nge2 d6 8. h3 c6 9. 0-0 f4 10. gxf4 Nh5 11. f5 Qh4 12. Ng3 Nxg3 13. fxg3 Qxg3 14. Rf3 Qh4 15. fxg6 hxg6 16. Be3 Be6 17. Rxf8+ Bxf8 18. Kh2 Nd7 19. Qd2 Be7 20. Rf1 Kg7 21. Qf2 Qh7 22. Qd2 Rh8 23. Rf3 Qg8 24. Kg1 Qd8 25. b4 a6 26. a4 Nf6 27. b5 axb5 28. axb5 Qc8 29. bxc6 bxc6 30. Nd1 Bxh3 31. Bxh3 Rxh3 32. Qg2 Rxf3 33. Qxf3 Nh7 34. Qg3 Qd8 35. c5 Bh4 36. Qh2 g5 37. cxd6 Qxd6 38. Qd2 Qe6 39. Qg2 Qb3 40. Qd2 Qe6 41. Qg2 Kg6 42. Nb2 Nf6 43. Nc4 Nh5 44. Qb2 Bg3 45. Qb8 Nf6 46. Nd6 Qh3 47. Nf5 Qh2+ 48. Kf1 Qh1+ 49. Ke2 Qe1+ 50. Kf3 Bf4 0-1

[Event "RUS-chT 24th"]
[Site "Sochi"]
[Date "2017.05.05"]
[Round "4.1"]
[White "Palchun, Grigory"]
[Black "Makhmutov, Rail"]
[Result "1-0"]
[WhiteElo "2354"]
[BlackElo "2437"]
[PlyCount "141"]
[EventDate "2017.05.01"]
[EventType "team-swiss"]
[EventRounds "7"]
[EventCountry "RUS"]
[SourceTitle "CBM 178"]
[Source "ChessBase"]
[SourceDate "2017.05.14"]
[SourceVersion "1"]
[SourceVersionDate "2017.05.14"]
[SourceQuality "1"]
[WhiteTeam "St Petersburg SHSH"]
[BlackTeam "Tatarstan Ladya"]
[WhiteTeamCountry "RUS"]
[BlackTeamCountry "RUS"]

1. d4 Nf6 2. Bf4 d5 3. e3 c5 4. c3 Nc6 5. Nd2 cxd4 6. exd4 Bf5 7. Ngf3 e6 8. Qb3 Qc8 9. Nh4 Be4 10. f3 Bg6 11. Nxg6 hxg6 12. h3 Be7 13. g4 Bd8 14. Qa4 Bc7 15. Bxc7 Qxc7 16. 0-0-0 g5 17. Bb5 Nd7 18. Rdf1 a6 19. Nb3 Rc8 20. Bxc6 Qf4+ 21. Kb1 Rxc6 22. Nc1 Nb6 23. Qb3 Nc4 24. Rf2 Qe3 25. Qxb7 Qxf2 26. Qxc6+ Ke7 27. Qc7+ Kf6 28. Qh2 Qxf3 29. Nb3 a5 30. a3 Qf4 31. Qe2 Qd6 32. Nd2 Nxd2+ 33. Qxd2 Qf4 34. Qd3 Ke7 35. Re1 Qh2 36. Re3 Rb8 37. Re2 Qd6 38. Ka1 Rh8 39. Rf2 Rh6 40. Qe3 f6 41. Qd3 Qc6 42. b4 Rh8 43. Kb2 Kf7 44. b5 Qc4 45. Qxc4 dxc4 46. Rh2 f5 47. Kc1 f4 48. a4 e5 49. dxe5 Ke6 50. Kd2 Kxe5 51. Ke2 Ke4 52. Rh1 f3+ 53. Kf2 Kd3 54. b6 Kc2 55. Kxf3 Rb8 56. Ke3 Kxc3 57. Rb1 Kc2 58. Rb5 c3 59. b7 Kc1 60. Kd3 c2 61. Kc3 Kd1 62. Rd5+ Kc1 63. Rd2 Rxb7 64. Rxc2+ Kb1 65. Rd2 Rb4 66. Rd4 Rb6 67. Rd5 Ka2 68. Rxa5 Rb3+ 69. Kc4 Ka3 70. Rxg5 Rxh3 71. Rxg7 1-0

[Event "RUS-chT 24th"]
[Site "Sochi"]
[Date "2017.05.04"]
[Round "3.1"]
[White "Kovalenko, Igor"]
[Black "Makhmutov, Rail"]
[Result "1-0"]
[WhiteElo "2657"]
[BlackElo "2437"]
[PlyCount "69"]
[EventDate "2017.05.01"]
[EventType "team-swiss"]
[EventRounds "7"]
[EventCountry "RUS"]
[SourceTitle "CBM 178"]
[Source "ChessBase"]
[SourceDate "2017.05.14"]
[SourceVersion "1"]
[SourceVersionDate "2017.05.14"]
[SourceQuality "1"]
[WhiteTeam "Yekaterinburg Malachite"]
[BlackTeam "Tatarstan Ladya"]
[WhiteTeamCountry "RUS"]
[BlackTeamCountry "RUS"]

1. d4 Nf6 2. Nf3 d5 3. c4 c6 4. Nc3 dxc4 5. a4 Bf5 6. Ne5 Nbd7 7. Nxc4 Nb6 8. Ne5 a5 9. h4 h6 10. f3 Bh7 11. e4 Nfd7 12. Nd3 e6 13. Be3 Bb4 14. Qb3 Qe7 15. Be2 0-0 16. g4 Kh8 17. g5 h5 18. Nxb4 axb4 19. Nd1 e5 20. dxe5 c5 21. a5 Nxe5 22. Qc2 Rfc8 23. Qc1 Nbd7 24. 0-0 c4 25. Qd2 Rd8 26. Qe1 Nd3 27. Bxd3 cxd3 28. Bd2 Ne5 29. Ne3 Qe6 30. Bxb4 f6 31. Qg3 d2 32. Nd5 Nxf3+ 33. Qxf3 Qxe4 34. Qxe4 Bxe4 35. Nb6 1-0

[Event "Moscow Aeroflot op-B 16th"]
[Site "Moscow"]
[Date "2017.02.25"]
[Round "5"]
[White "Hayrapetyan, Hovik"]
[Black "Makhmutov, Rail"]
[Result "1/2-1/2"]
[WhiteElo "2514"]
[BlackElo "2437"]
[PlyCount "86"]
[EventDate "2017.02.21"]
[EventType "swiss"]
[EventRounds "9"]
[EventCountry "RUS"]
[SourceTitle "CBM 177 Extra"]
[Source "ChessBase"]
[SourceDate "2017.04.27"]
[SourceVersion "1"]
[SourceVersionDate "2017.04.27"]
[SourceQuality "1"]

1. c4 c6 2. d4 d5 3. Nf3 Nf6 4. Nc3 dxc4 5. a4 Bf5 6. e3 e6 7. Bxc4 Bb4 8. 0-0 Nbd7 9. Qe2 Bg6 10. Bd3 Bxd3 11. Qxd3 0-0 12. Qe2 Qe7 13. e4 e5 14. dxe5 Nxe5 15. Nxe5 Qxe5 16. f4 Qa5 17. e5 Nd5 18. Nxd5 Qxd5 19. Rd1 Bc5+ 20. Kh1 Qe6 21. Be3 Be7 22. Qf2 b6 23. Bd4 g6 24. h3 Rad8 25. Bc3 Rd5 26. Rxd5 cxd5 27. Rd1 Rd8 28. Qf3 d4 29. Rxd4 Rxd4 30. Bxd4 Qc4 31. Qe3 Qxa4 32. e6 Qb5 33. Kh2 Qd5 34. exf7+ Kxf7 35. Be5 Bd6 36. Bxd6 Qxd6 37. Qb3+ Kf8 38. Qf3 a5 39. b3 Ke7 40. h4 h5 41. g3 Qc5 42. f5 gxf5 43. Qxh5 Qf2+ 1/2-1/2

[Event "Moscow Aeroflot op-B 16th"]
[Site "Moscow"]
[Date "2017.02.24"]
[Round "4"]
[White "Makhmutov, Rail"]
[Black "Atabayev, Maksat"]
[Result "1/2-1/2"]
[WhiteElo "2437"]
[BlackElo "2492"]
[PlyCount "41"]
[EventDate "2017.02.21"]
[EventType "swiss"]
[EventRounds "9"]
[EventCountry "RUS"]
[SourceTitle "CBM 177 Extra"]
[Source "ChessBase"]
[SourceDate "2017.04.27"]
[SourceVersion "1"]
[SourceVersionDate "2017.04.27"]
[SourceQuality "1"]

1. e4 c5 2. Nf3 e6 3. g3 a6 4. Bg2 b5 5. 0-0 Bb7 6. Re1 Nf6 7. e5 Nd5 8. Nc3 Be7 9. a4 0-0 10. axb5 Nxc3 11. dxc3 axb5 12. Rxa8 Bxa8 13. Bf4 Na6 14. b3 Bd5 15. Nd2 Bxg2 16. Kxg2 d5 17. exd6 Bxd6 18. Bxd6 Qxd6 19. Ne4 Qe7 20. Qd6 Qb7 21. f3 1/2-1/2

[Event "Moscow Aeroflot op-B 16th"]
[Site "Moscow"]
[Date "2017.02.21"]
[Round "1"]
[White "Danielyan, Vahe"]
[Black "Makhmutov, Rail"]
[Result "0-1"]
[WhiteElo "2282"]
[BlackElo "2437"]
[PlyCount "112"]
[EventDate "2017.02.21"]
[EventType "swiss"]
[EventRounds "9"]
[EventCountry "RUS"]
[SourceTitle "CBM 177 Extra"]
[Source "ChessBase"]
[SourceDate "2017.04.27"]
[SourceVersion "1"]
[SourceVersionDate "2017.04.27"]
[SourceQuality "1"]

1. Nf3 d5 2. g3 Bg4 3. Bg2 Nd7 4. 0-0 Ngf6 5. d3 c6 6. Nbd2 e5 7. e4 dxe4 8. dxe4 Be7 9. a4 0-0 10. b3 Re8 11. Qe2 Qc7 12. h3 Bh5 13. g4 Bg6 14. Nh4 Nc5 15. Nxg6 hxg6 16. Bb2 Ne6 17. Nc4 Nd7 18. Rad1 Rad8 19. a5 b5 20. axb6 axb6 21. Bc3 Bc5 22. h4 Nd4 23. Bxd4 Bxd4 24. Qf3 b5 25. Ne3 Nf8 26. g5 Bxe3 27. fxe3 Ne6 28. Bh3 Nc5 29. b4 Na4 30. h5 Qe7 31. hxg6 Qxg5+ 32. Qg2 Qxe3+ 33. Kh1 f6 34. Be6+ Kf8 35. Bd7 Qh6+ 36. Kg1 Nb2 37. Rd6 Re7 38. Qg4 Nc4 39. Rd3 Ne3 40. Bxc6 Rb8 41. Rxe3 Qxe3+ 42. Kg2 Rc7 43. Qe6 Qg5+ 44. Kh1 Qh6+ 45. Kg1 Qxg6+ 46. Kf2 Qf7 47. Qd6+ Qe7 48. Qd5 g6 49. c4 bxc4 50. b5 c3 51. Qc4 Qd6 52. Qd5 Qb4 53. Kg3 Kg7 54. Qe6 Rf8 55. Rf2 Qd4 56. Qd5 Rd8 0-1